| 000 | 00752nam a2200241 a 4500 | ||
|---|---|---|---|
| 001 | BRCA_6581 | ||
| 005 | 20190320205518.0 | ||
| 008 | 011011s1957----enka######---#000-0#eng-# | ||
| 041 | _aeng | ||
| 044 | _aenk | ||
| 050 | 4 |
_aN5300 _b.G64 1957 |
|
| 100 | 1 |
_aGombrich, E. H. _d1909-2001 _q(Ernst Hans). _910017 |
|
| 245 | 1 | 0 |
_aThe Story of Art _cby E. H. Gombrich. |
| 250 | _a8 | ||
| 260 |
_aGran Bretaña _bPhaidon Publishers _c1957 |
||
| 300 |
_a462 p. _bil. (algunas a color) _c26 cm. |
||
| 500 | _aIncluye lista de ilustraciones y reconocimientos, índice alfabético y glosario | ||
| 500 | _aDonación Dra. Elsa Barberena | ||
| 504 | _aIncluye referencias bibliográficas | ||
| 650 | 1 | 4 |
_aArte _xHistoria _916416 |
| 902 | _aDEB | ||
| 942 |
_2lcc _cB |
||
| 999 |
_c6265 _d6265 |
||